000 00586nam a2200181Ia 4500
008 090123s9999 xx 000 0 und d
082 _b2396
100 _aपांडे वसुधा
245 _aमुलांचे मस्त्यालय
250 _a1
260 _bआनंद मुद्रणालय
300 _a64
600 _aपांडे वसुधा
630 _aमुलांचे मस्त्यालय
700 _aपांडे वसुधा
730 _aमुलांचे मस्त्यालय
942 _cBOOK
999 _c40480
_d40480